[Event "Skakligaen 2005/06"]
[Site "Denmark"]
[Date "2005.11.06"]
[Round "2.8"]
[White "Nielsen, John Bauneborg"]
[Black "Sogaard, Soren"]
[Result "1-0"]
[WhiteElo "2163"]
[BlackElo "2247"]
[PlyCount "71"]
[EventDate "2005.11.05"]
[EventType "team"]
[EventRounds "9"]
[EventCountry "DEN"]
[WhiteTeam "Norresundby"]
[BlackTeam "SK1968"]
[WhiteTeamCountry "DEN"]
[BlackTeamCountry "DEN"]

1. d4 d6 2. e4 g6 3. Nc3 Bg7 4. h4 a6 5. h5 b5 6. a3 Nd7 7. Be3 e6 8. g4 Bb7 9.
g5 c5 10. Nge2 b4 11. axb4 cxb4 12. Na2 Bxe4 13. Rh4 Bb7 14. Nxb4 a5 15. Nd3
Ne7 16. Ng3 Nd5 17. Bd2 Qb6 18. Ne4 O-O 19. c3 e5 20. Bh3 Qc7 21. Bxd7 Qxd7 22.
dxe5 dxe5 23. Ndc5 Qc7 24. hxg6 hxg6 25. Qf3 f5 26. gxf6 Nxf6 27. Nxb7 Nd5 28.
Qg2 Qxb7 29. Qxg6 Nf6 30. Nd6 Qxb2 31. Rd1 a4 32. Nf5 Ra7 33. Rh3 Qb7 34. Nh6+
Kh8 35. Nf7+ Kg8 36. Rh8# 1-0

[Event "Skakligaen 2005/06"]
[Site "Denmark"]
[Date "2005.11.06"]
[Round "2.1"]
[White "Naes, Flovin Tor"]
[Black "Rasmussen, Karsten"]
[Result "0-1"]
[WhiteElo "2281"]
[BlackElo "2455"]
[PlyCount "80"]
[EventDate "2005.11.05"]
[EventType "team"]
[EventRounds "9"]
[EventCountry "DEN"]
[WhiteTeam "Foroyar"]
[BlackTeam "Skolerne"]
[WhiteTeamCountry "DEN"]
[BlackTeamCountry "DEN"]

1. d4 Nf6 2. Bg5 e6 3. e4 h6 4. Bxf6 Qxf6 5. Nc3 d6 6. Qd2 c6 7. f4 e5 8. dxe5
dxe5 9. f5 Bb4 10. Nf3 Nd7 11. a3 Ba5 12. O-O-O b5 13. g4 Qe7 14. h4 Bb7 15.
Rh3 O-O-O 16. Qe3 Nf6 17. Rxd8+ Rxd8 18. g5 Bb6 19. Qe1 Ng4 20. Nd1 g6 21. f6
Qe6 22. Nd2 a6 23. Rg3 h5 24. Bh3 Kb8 25. Bxg4 hxg4 26. Qe2 Bc8 27. Ne3 Rh8 28.
Nxg4 Rxh4 29. Nh2 Qd6 30. c3 c5 31. Ndf3 Rf4 32. c4 bxc4 33. Qxc4 Be6 34. Qe2
c4 35. Qc2 Be3+ 36. Kb1 Rxe4 37. Ka1 Rf4 38. Qa4 c3 39. Qc2 Ka7 40. Ne1 Rf2 0-1

[Event "Skakligaen 2005/06"]
[Site "Denmark"]
[Date "2005.11.06"]
[Round "2.2"]
[White "Glud, Jakob Vang"]
[Black "Rasmussen, Rogvi Winthereig"]
[Result "1-0"]
[WhiteElo "2404"]
[BlackElo "2129"]
[PlyCount "67"]
[EventDate "2005.11.05"]
[EventType "team"]
[EventRounds "9"]
[EventCountry "DEN"]
[WhiteTeam "Skolerne"]
[BlackTeam "Foroyar"]
[WhiteTeamCountry "DEN"]
[BlackTeamCountry "DEN"]

1. e4 e5 2. Nf3 Nc6 3. Bb5 a6 4. Bxc6 dxc6 5. O-O f6 6. d4 Bg4 7. c3 Bd6 8. Be3
Ne7 9. Nbd2 Qd7 10. h3 Bh5 11. Nxe5 Bxd1 12. Nxd7 Bh5 13. Nc5 Bxc5 14. dxc5
O-O-O 15. Bd4 Rhe8 16. g4 Bf7 17. f4 Ng6 18. a3 Re7 19. Kh2 Rde8 20. Kg3 Nf8
21. Rae1 Nd7 22. h4 Bd5 23. Re3 Bg8 24. b4 Bf7 25. Rfe1 Bg8 26. Nf3 Be6 27. h5
Bf7 28. h6 gxh6 29. Nh4 Bg6 30. Nf5 Bxf5 31. exf5 Rxe3+ 32. Rxe3 Kd8 33. Kh4
Rg8 34. Re6 1-0

[Event "Skakligaen 2005/06"]
[Site "Denmark"]
[Date "2005.11.06"]
[Round "2.4"]
[White "Christensen, Tobias"]
[Black "Petersen, Terji"]
[Result "1-0"]
[WhiteElo "2322"]
[BlackElo "2020"]
[PlyCount "69"]
[EventDate "2005.11.05"]
[EventType "team"]
[EventRounds "9"]
[EventCountry "DEN"]
[WhiteTeam "Skolerne"]
[BlackTeam "Foroyar"]
[WhiteTeamCountry "DEN"]
[BlackTeamCountry "DEN"]

1. c4 c5 2. e3 g6 3. Nf3 b6 4. d4 cxd4 5. exd4 Bg7 6. Nc3 Nf6 7. Bg5 O-O 8. Qd2
Re8 9. Be2 Ba6 10. O-O Nc6 11. d5 Na5 12. b3 e5 13. Rac1 d6 14. h3 Qc7 15. Qe3
Qc5 16. Bxf6 Qxe3 17. fxe3 Bxf6 18. Ne4 Be7 19. b4 Nb7 20. b5 Rac8 21. bxa6 Nc5
22. Nfd2 Nxe4 23. Nxe4 Kg7 24. g4 h6 25. Rf3 Rf8 26. Rcf1 Rc7 27. a4 Rd7 28.
Kf2 Bd8 29. Bd3 Bc7 30. Rf6 Rh8 31. Kg3 Kg8 32. h4 Kg7 33. h5 g5 34. Kf2 Kf8
35. Ke2 1-0

[Event "Skakligaen 2005/06"]
[Site "Denmark"]
[Date "2005.11.06"]
[Round "2.5"]
[White "Hansen, Herluf"]
[Black "Kjeldsen, Jens"]
[Result "0-1"]
[WhiteElo "2005"]
[BlackElo "2424"]
[PlyCount "50"]
[EventDate "2005.11.05"]
[EventType "team"]
[EventRounds "9"]
[EventCountry "DEN"]
[WhiteTeam "Foroyar"]
[BlackTeam "Skolerne"]
[WhiteTeamCountry "DEN"]
[BlackTeamCountry "DEN"]

1. d4 g6 2. c4 Bg7 3. e4 d6 4. f4 Nc6 5. Be3 e5 6. fxe5 dxe5 7. d5 Qh4+ 8. Bf2
Qxe4+ 9. Qe2 Qxe2+ 10. Bxe2 Nd4 11. Bd1 Nh6 12. h3 O-O 13. Nc3 c5 14. dxc6 bxc6
15. Rc1 Nhf5 16. Ne4 Ne6 17. g4 Nfd4 18. g5 Nf4 19. Rc3 Bf5 20. Nc5 Rfe8 21.
Bg4 Bf8 22. Na6 Be4 23. Rh2 Rad8 24. Bg3 h5 25. Bf3 Nd3+ 0-1

[Event "Skakligaen 2005/06"]
[Site "Denmark"]
[Date "2005.11.06"]
[Round "2.7"]
[White "Rimestad, Arild"]
[Black "Jacobsen, Bo"]
[Result "0-1"]
[WhiteElo "1866"]
[BlackElo "2279"]
[PlyCount "56"]
[EventDate "2005.11.05"]
[EventType "team"]
[EventRounds "9"]
[EventCountry "DEN"]
[WhiteTeam "Foroyar"]
[BlackTeam "Skolerne"]
[WhiteTeamCountry "DEN"]
[BlackTeamCountry "DEN"]

1. e4 g6 2. d4 Bg7 3. f4 d5 4. e5 h5 5. g3 Nh6 6. Bg2 h4 7. Qf3 c6 8. c3 Bg4 9.
Qf2 Nf5 10. Nd2 e6 11. Nf1 Bf8 12. Ne3 Nxe3 13. Bxe3 Be7 14. Bf3 Bxf3 15. Qxf3
a5 16. g4 Na6 17. f5 gxf5 18. gxf5 Kd7 19. Nh3 a4 20. Rf1 a3 21. b3 Nc7 22. Rc1
b6 23. c4 Qg8 24. Nf4 h3 25. Rg1 Qh7 26. cxd5 Nxd5 27. fxe6+ fxe6 28. Nxe6 Qd3
0-1

[Event "Skakligaen 2005/06"]
[Site "Denmark"]
[Date "2005.11.06"]
[Round "2.8"]
[White "Rewitz, Poul"]
[Black "Gaard, Ingolf"]
[Result "1-0"]
[WhiteElo "2246"]
[BlackElo "1927"]
[PlyCount "61"]
[EventDate "2005.11.05"]
[EventType "team"]
[EventRounds "9"]
[EventCountry "DEN"]
[WhiteTeam "Skolerne"]
[BlackTeam "Foroyar"]
[WhiteTeamCountry "DEN"]
[BlackTeamCountry "DEN"]

1. e4 e5 2. Nf3 Nc6 3. d4 exd4 4. Nxd4 Qh4 5. Nc3 Bb4 6. Ndb5 Ba5 7. Bd2 a6 8.
Na3 d6 9. g3 Qe7 10. Bg2 Nf6 11. O-O Bxc3 12. Bxc3 O-O 13. Re1 Be6 14. Qe2 Rfe8
15. Nc4 Rad8 16. b3 Bc8 17. Qf1 Ne5 18. Ne3 c6 19. Ba5 Rd7 20. f4 Neg4 21. Nf5
Qf8 22. Bb4 c5 23. Bc3 Rdd8 24. Nh4 b6 25. h3 Nh6 26. g4 Nhxg4 27. hxg4 Nxg4
28. Qf3 h5 29. Rad1 Qe7 30. Qg3 Qc7 31. Rd5 1-0

[Event "Skakligaen 2005/06"]
[Site "Denmark"]
[Date "2005.11.20"]
[Round "3.1"]
[White "Hector, Jonny"]
[Black "Nilssen, John Arni"]
[Result "1/2-1/2"]
[WhiteElo "2509"]
[BlackElo "2320"]
[PlyCount "97"]
[EventDate "2005.11.05"]
[EventType "team"]
[EventRounds "9"]
[EventCountry "DEN"]
[WhiteTeam "Nordkalotten"]
[BlackTeam "Foroyar"]
[WhiteTeamCountry "DEN"]
[BlackTeamCountry "DEN"]

1. d4 Nf6 2. Nc3 g6 3. e4 c5 4. dxc5 Qa5 5. Bd3 Qxc5 6. Nf3 Nc6 7. Nb5 Qb6 8.
e5 Ng4 9. Qe2 Bg7 10. O-O O-O 11. Bf4 a6 12. Nc3 Qxb2 13. Nd5 Ngxe5 14. Nxe5
Nxe5 15. Rfe1 d6 16. Rab1 Qd4 17. Nxe7+ Kh8 18. Be3 Qh4 19. Nd5 Bg4 20. f3 Be6
21. Nb6 Rae8 22. Be4 Bxa2 23. Rbd1 d5 24. Bf2 Qg5 25. h4 Qd8 26. Bxd5 Nc6 27.
Qf1 Rxe1 28. Qxe1 Bxd5 29. Rxd5 Qe8 30. Qd2 Qe6 31. Rd7 h5 32. c4 Kg8 33. Rxb7
Re8 34. Qd5 Nb4 35. Qd7 Qxd7 36. Nxd7 Nd3 37. Bb6 Re1+ 38. Kh2 Rc1 39. c5 f5
40. Bd8 Bd4 41. Nf6+ Kf8 42. Nh7+ Ke8 43. Bg5 Be5+ 44. g3 Rc2+ 45. Kh1 Nf2+ 46.
Kg2 Ne4+ 47. Kh3 Nf2+ 48. Kg2 Ne4+ 49. Kh3 1/2-1/2

[Event "Skakligaen 2005/06"]
[Site "Denmark"]
[Date "2005.11.20"]
[Round "3.2"]
[White "Naes, Flovin Tor"]
[Black "Brynell, Stellan"]
[Result "0-1"]
[WhiteElo "2281"]
[BlackElo "2496"]
[PlyCount "48"]
[EventDate "2005.11.05"]
[EventType "team"]
[EventRounds "9"]
[EventCountry "DEN"]
[WhiteTeam "Foroyar"]
[BlackTeam "Nordkalotten"]
[WhiteTeamCountry "DEN"]
[BlackTeamCountry "DEN"]

1. d4 e6 2. c4 Nf6 3. Nc3 Bb4 4. e3 b6 5. Bd3 Bb7 6. Nge2 O-O 7. O-O d5 8. a3
Bd6 9. f3 c5 10. b3 Nc6 11. Bb2 cxd4 12. exd4 Na5 13. Rc1 Rc8 14. Nb5 Bb8 15.
c5 a6 16. Nbc3 bxc5 17. dxc5 Qc7 18. b4 Nc4 19. Bxc4 Qxh2+ 20. Kf2 dxc4 21. Rh1
Ng4+ 22. fxg4 Qxg2+ 23. Ke3 Qf3+ 24. Kd4 Qxg4+ 0-1

[Event "Skakligaen 2005/06"]
[Site "Denmark"]
[Date "2005.11.20"]
[Round "3.3"]
[White "Kristensen, Kaare Hove"]
[Black "Rasmussen, Rogvi Winthereig"]
[Result "1-0"]
[WhiteElo "2314"]
[BlackElo "2129"]
[PlyCount "75"]
[EventDate "2005.11.05"]
[EventType "team"]
[EventRounds "9"]
[EventCountry "DEN"]
[WhiteTeam "Nordkalotten"]
[BlackTeam "Foroyar"]
[WhiteTeamCountry "DEN"]
[BlackTeamCountry "DEN"]

1. e4 e5 2. Nf3 Nc6 3. d4 exd4 4. Nxd4 Nf6 5. Nxc6 bxc6 6. e5 Qe7 7. Qe2 Nd5 8.
c4 Ba6 9. b3 g6 10. Bb2 Bg7 11. g3 O-O 12. Bg2 Rae8 13. O-O Bxe5 14. Qxe5 Qxe5
15. Bxe5 Rxe5 16. cxd5 Bxf1 17. Kxf1 cxd5 18. f4 Re3 19. Nd2 Rfe8 20. Bxd5 Kg7
21. Bc4 h5 22. Rc1 c6 23. Kf2 R3e7 24. Nf3 f6 25. Bd3 Rb8 26. Nh4 f5 27. Bxf5
gxf5 28. Nxf5+ Kf6 29. Nxe7 Kxe7 30. Rc5 Rb6 31. Ra5 a6 32. Rxh5 d5 33. Ke3 Kd6
34. Rh6+ Kc5 35. f5 a5 36. f6 Kd6 37. f7+ Ke7 38. Rf6 1-0

[Event "Skakligaen 2005/06"]
[Site "Denmark"]
[Date "2005.11.20"]
[Round "3.4"]
[White "Nolsoe, Eydun"]
[Black "Jakobsen, Peter"]
[Result "0-1"]
[WhiteElo "2226"]
[BlackElo "2162"]
[PlyCount "64"]
[EventDate "2005.11.05"]
[EventType "team"]
[EventRounds "9"]
[EventCountry "DEN"]
[WhiteTeam "Foroyar"]
[BlackTeam "Nordkalotten"]
[WhiteTeamCountry "DEN"]
[BlackTeamCountry "DEN"]

1. e4 c5 2. Nf3 d6 3. d4 cxd4 4. Nxd4 Nf6 5. Nc3 g6 6. Be3 Bg7 7. f3 Nc6 8. Qd2
O-O 9. O-O-O d5 10. Nxc6 bxc6 11. exd5 cxd5 12. Nxd5 Nxd5 13. Qxd5 Qc7 14. Qc5
Qb8 15. Qb5 Qxb5 16. Bxb5 Rb8 17. a4 a6 18. Bc4 Bxb2+ 19. Kd2 Bd7 20. a5 Bb5
21. Bxb5 Rxb5 22. Bb6 Rc8 23. Ke3 Rxc2 24. Rd8+ Kg7 25. Ra8 Rb3+ 26. Kf4 Rxg2
27. Rxa6 Re2 28. Bc7 Rf2 29. Be5+ Bxe5+ 30. Kxe5 Rb5+ 31. Kd4 Ra2 32. Re1 e6
0-1

[Event "Skakligaen 2005/06"]
[Site "Denmark"]
[Date "2005.11.20"]
[Round "3.5"]
[White "Koch, Soren Andreas"]
[Black "Andreasen, Henrik"]
[Result "0-1"]
[WhiteElo "2106"]
[BlackElo "2125"]
[PlyCount "125"]
[EventDate "2005.11.05"]
[EventType "team"]
[EventRounds "9"]
[EventCountry "DEN"]
[WhiteTeam "Nordkalotten"]
[BlackTeam "Foroyar"]
[WhiteTeamCountry "DEN"]
[BlackTeamCountry "DEN"]

1. d4 Nf6 2. Nf3 e6 3. c4 b6 4. g3 Ba6 5. b3 b5 6. Bg2 bxc4 7. Ne5 c6 8. bxc4
Qb6 9. c5 Qc7 10. Bb2 Be7 11. O-O O-O 12. Nd2 Nd5 13. Re1 d6 14. cxd6 Bxd6 15.
Nec4 Bb4 16. Rc1 Nd7 17. a3 Be7 18. e4 N5b6 19. Na5 c5 20. dxc5 Nxc5 21. Ndb3
Rac8 22. Qd4 e5 23. Qe3 Nba4 24. Ba1 f6 25. Nxc5 Nxc5 26. Nb3 Qb6 27. Bh3 Nxb3
28. Qxb6 axb6 29. Be6+ Kh8 30. Bxb3 Bxa3 31. Rxc8 Rxc8 32. f4 Bc5+ 33. Kg2 Bd4
34. Bxd4 exd4 35. e5 fxe5 36. fxe5 Bc4 37. Bxc4 Rxc4 38. e6 Rc8 39. Kf3 Kg8 40.
Ke4 Kf8 41. Kxd4 Ke7 42. Ra1 Kxe6 43. Ra7 Rd8+ 44. Ke4 Rd7 45. Ra8 Kd6 46. Rh8
h6 47. Kd4 Ke6+ 48. Kc4 Kf5 49. Rf8+ Kg4 50. Rf4+ Kh3 51. Rh4+ Kg2 52. Kb5 Rd6
53. Rh5 g5 54. Kb4 Kf3 55. h3 Kxg3 56. Kb5 Rf6 57. Ka6 Kf4 58. Kb5 Re6 59. Kc4
Kf5 60. h4 Kg6 61. Rxh6+ Kxh6 62. hxg5+ Kxg5 63. Kd5 0-1

[Event "Skakligaen 2005/06"]
[Site "Denmark"]
[Date "2005.11.20"]
[Round "3.6"]
[White "Hansen, Herluf"]
[Black "Lilja, Richard"]
[Result "0-1"]
[WhiteElo "2005"]
[BlackElo "2014"]
[PlyCount "150"]
[EventDate "2005.11.05"]
[EventType "team"]
[EventRounds "9"]
[EventCountry "DEN"]
[WhiteTeam "Foroyar"]
[BlackTeam "Nordkalotten"]
[WhiteTeamCountry "DEN"]
[BlackTeamCountry "DEN"]

1. Nf3 c5 2. c4 g6 3. Nc3 Bg7 4. g3 Nf6 5. Bg2 O-O 6. O-O Nc6 7. d4 d6 8. d5
Na5 9. Nd2 a6 10. Qc2 Rb8 11. a3 b5 12. cxb5 axb5 13. b4 cxb4 14. axb4 Nc4 15.
Nxc4 bxc4 16. Rb1 Bd7 17. h3 Rb7 18. Bd2 Qc8 19. Kh2 Qc7 20. Rb2 Rfb8 21. Rfb1
h5 22. e4 Ra7 23. Ra2 Rab7 24. Ne2 Ne8 25. Bc3 Qb6 26. Bxg7 Nxg7 27. Qxc4 Bb5
28. Qc3 Qxf2 29. Nc1 Qb6 30. Rab2 Rc7 31. Qd2 Rbc8 32. Nd3 Rc3 33. Ne1 Ne8 34.
Rc2 Rxc2 35. Nxc2 Nf6 36. Ne3 Qc7 37. Rb2 Qc3 38. Qxc3 Rxc3 39. Nd1 Rc1 40. Nf2
Nd7 41. Bf3 Ne5 42. Bd1 Nd3 43. Nxd3 Rxd1 44. Nf2 Rd4 45. g4 hxg4 46. hxg4 Kg7
47. g5 f5 48. gxf6+ exf6 49. Kg3 f5 50. Kf4 Kf6 51. Ke3 Rc4 52. Rb3 g5 53. exf5
Kxf5 54. Nd1 Ba4 55. Rd3 Bxd1 56. Rxd1 Rxb4 57. Kf3 Rb3+ 58. Kg2 Ke4 59. Rf1
Rd3 60. Rf6 Rxd5 61. Kg3 Ke5 62. Rf8 Rd4 63. Rg8 Kf5 64. Rf8+ Ke4 65. Kg4 Rd5
66. Ra8 Re5 67. Ra4+ Kd5 68. Ra6 Ke6 69. Rb6 Rd5 70. Rb8 Ke7 71. Rb7+ Kf6 72.
Rb8 Rd4+ 73. Kf3 Rf4+ 74. Kg3 Kf7 75. Rb5 Rf1 0-1

[Event "Skakligaen 2005/06"]
[Site "Denmark"]
[Date "2005.11.20"]
[Round "3.7"]
[White "Andersen, Steen"]
[Black "Hansen, Poul Martin"]
[Result "1/2-1/2"]
[WhiteElo "1994"]
[BlackElo "1871"]
[PlyCount "61"]
[EventDate "2005.11.05"]
[EventType "team"]
[EventRounds "9"]
[EventCountry "DEN"]
[WhiteTeam "Nordkalotten"]
[BlackTeam "Foroyar"]
[WhiteTeamCountry "DEN"]
[BlackTeamCountry "DEN"]

1. e4 c6 2. d4 d5 3. Nc3 dxe4 4. Nxe4 Nd7 5. Bc4 Ngf6 6. Ng5 e6 7. N1f3 h6 8.
Nh3 Nb6 9. Bd3 c5 10. Be3 Bd7 11. Qe2 Rc8 12. Ne5 Bd6 13. Nxd7 Nbxd7 14. O-O
Qc7 15. dxc5 Bxh2+ 16. Kh1 Be5 17. c3 Nxc5 18. Bb5+ Ncd7 19. f4 Bd6 20. f5 Ne4
21. Bf4 exf5 22. Bxd6 Qxd6 23. Rxf5 Qe6 24. Bxd7+ Kxd7 25. Qb5+ Kc7 26. Re5
Ng3+ 27. Kh2 Qd6 28. Rae1 Nf5 29. Kg1 g6 30. g4 Nh4 31. Re7+ 1/2-1/2

[Event "Skakligaen 2005/06"]
[Site "Denmark"]
[Date "2005.11.20"]
[Round "3.8"]
[White "Leyni, Ian"]
[Black "Andersen, Peter Vestergaard"]
[Result "1/2-1/2"]
[WhiteElo "1858"]
[BlackElo "1949"]
[PlyCount "67"]
[EventDate "2005.11.05"]
[EventType "team"]
[EventRounds "9"]
[EventCountry "DEN"]
[WhiteTeam "Foroyar"]
[BlackTeam "Nordkalotten"]
[WhiteTeamCountry "DEN"]
[BlackTeamCountry "DEN"]

1. d4 d5 2. c4 dxc4 3. e3 Nf6 4. Bxc4 e6 5. Nf3 c5 6. O-O Be7 7. Nc3 a6 8. a4
O-O 9. Qe2 b6 10. Rd1 Qc7 11. d5 exd5 12. Nxd5 Nxd5 13. Bxd5 Bb7 14. Bxb7 Qxb7
15. b3 Bf6 16. Bb2 Bxb2 17. Qxb2 Nc6 18. Rd6 Rfd8 19. Rad1 Qc7 20. Rxd8+ Rxd8
21. Rxd8+ Qxd8 22. Qd2 Qxd2 23. Nxd2 Na5 24. Kf1 b5 25. axb5 axb5 26. Ke2 f6
27. Kd3 Kf7 28. Kc3 Nb7 29. Kd3 Ke6 30. g4 Na5 31. Kc3 Nc6 32. f4 Kd5 33. e4+
Ke6 34. Nf3 1/2-1/2

[Event "Skakligaen 2005/06"]
[Site "Denmark"]
[Date "2005.11.20"]
[Round "3.1"]
[White "Bentzen, Erik"]
[Black "Pedersen, Nicolai Vesterbaek"]
[Result "1/2-1/2"]
[WhiteElo "2362"]
[BlackElo "2521"]
[PlyCount "95"]
[EventDate "2005.11.05"]
[EventType "team"]
[EventRounds "9"]
[EventCountry "DEN"]
[WhiteTeam "Norresundby"]
[BlackTeam "Aalborg"]
[WhiteTeamCountry "DEN"]
[BlackTeamCountry "DEN"]

1. d4 Nf6 2. Nf3 e6 3. c4 d5 4. Nc3 Bb4 5. Bg5 h6 6. Bxf6 Qxf6 7. e3 O-O 8. Rc1
dxc4 9. Bxc4 c5 10. a3 cxd4 11. Nxd4 Bxc3+ 12. Rxc3 Bd7 13. O-O Nc6 14. Nf3
Rfd8 15. Qe2 Ne5 16. Nxe5 Qxe5 17. Rd1 Ba4 18. Bb3 Bb5 19. Qc2 Bc6 20. Bc4 Qe4
21. f3 Qe5 22. Rcd3 Rxd3 23. Rxd3 Qg5 24. Qe2 h5 25. b4 Re8 26. Rd4 a6 27. Rd1
Rc8 28. e4 Ba4 29. Re1 Qe5 30. Bd3 Rc3 31. Bb1 Rxa3 32. Qd2 g5 33. Rc1 Bc6 34.
Rc5 Qc7 35. Rxg5+ Kf8 36. Qb2 Qb6+ 37. Rc5 Ra4 38. Qh8+ Ke7 39. Qxh5 Rxb4 40.
Bd3 Rb3 41. Qg5+ Kd7 42. Bc4 Rb1+ 43. Kf2 Qb2+ 44. Kg3 Rg1 45. Kh3 Qh8+ 46. Kg3
Qb2 47. Kh3 Qh8+ 48. Kg3 1/2-1/2

[Event "Skakligaen 2005/06"]
[Site "Denmark"]
[Date "2005.11.20"]
[Round "3.2"]
[White "Pedersen, Erik"]
[Black "Sorensen, Bent"]
[Result "1-0"]
[WhiteElo "2408"]
[BlackElo "2262"]
[PlyCount "93"]
[EventDate "2005.11.05"]
[EventType "team"]
[EventRounds "9"]
[EventCountry "DEN"]
[WhiteTeam "Aalborg"]
[BlackTeam "Norresundby"]
[WhiteTeamCountry "DEN"]
[BlackTeamCountry "DEN"]

1. d4 d5 2. Nf3 Nf6 3. e3 Bg4 4. h3 Bxf3 5. Qxf3 Nbd7 6. c4 c6 7. Nc3 e6 8. Bd3
Bd6 9. O-O O-O 10. b3 Re8 11. e4 dxc4 12. Bxc4 e5 13. d5 Bb4 14. dxc6 bxc6 15.
Ne2 Nb6 16. Ba6 Qc7 17. Ng3 Nfd7 18. Nf5 Bf8 19. Be3 Nc5 20. Be2 Ne6 21. g3
Red8 22. Rac1 Qb7 23. Qg4 g6 24. Nh6+ Kh8 25. Qf3 Rd7 26. Qf6+ Bg7 27. Nxf7+
Rxf7 28. Qxe6 Rf6 29. Qg4 Rd6 30. Rfd1 Rad8 31. Rxd6 Rxd6 32. Rd1 Qc7 33. Rxd6
Qxd6 34. Bf1 Bf8 35. Qe2 Qb4 36. Qd3 Kg7 37. Qa6 Qe7 38. a4 Qc7 39. Qd3 Bb4 40.
h4 Nd7 41. Bh3 Nf6 42. Kg2 a5 43. Be6 Qe7 44. Bc4 Nd7 45. Bg5 Qe8 46. Qe3 h5
47. Qa7 1-0

[Event "Skakligaen 2005/06"]
[Site "Denmark"]
[Date "2005.11.20"]
[Round "3.3"]
[White "Jorgensen, Jorgen"]
[Black "Jakobsen, Lars Veno"]
[Result "1-0"]
[WhiteElo "2274"]
[BlackElo "2337"]
[PlyCount "81"]
[EventDate "2005.11.05"]
[EventType "team"]
[EventRounds "9"]
[EventCountry "DEN"]
[WhiteTeam "Norresundby"]
[BlackTeam "Aalborg"]
[WhiteTeamCountry "DEN"]
[BlackTeamCountry "DEN"]

1. d4 Nf6 2. c4 e6 3. g3 Bb4+ 4. Bd2 Qe7 5. Bg2 Nc6 6. Nf3 Bxd2+ 7. Nbxd2 O-O
8. O-O d6 9. Qc2 a5 10. h3 e5 11. d5 Nb8 12. Nb1 Na6 13. Nc3 Bd7 14. a3 Rfc8
15. b3 Rab8 16. Qb2 c6 17. Rfd1 cxd5 18. Nxd5 Nxd5 19. Rxd5 Bc6 20. Rxa5 Nc5
21. Ra7 Qc7 22. b4 Na6 23. Qd2 Qb6 24. Qe3 Qxe3 25. fxe3 Be4 26. Nd2 Bxg2 27.
Kxg2 Kf8 28. Rc1 Ra8 29. Rxa8 Rxa8 30. Ne4 Ke7 31. Rd1 Nc7 32. Nxd6 Rxa3 33.
Nxb7 Ne6 34. Rd3 Ra2 35. Kf2 Rb2 36. Na5 Kf6 37. Rb3 Rc2 38. c5 Ng5 39. Rd3
Nxh3+ 40. Ke1 Ng1 41. Kd1 1-0

[Event "Skakligaen 2005/06"]
[Site "Denmark"]
[Date "2005.11.20"]
[Round "3.4"]
[White "Meyer, Lars August"]
[Black "Pedersen, Svend"]
[Result "1-0"]
[WhiteElo "2259"]
[BlackElo "2260"]
[PlyCount "61"]
[EventDate "2005.11.05"]
[EventType "team"]
[EventRounds "9"]
[EventCountry "DEN"]
[WhiteTeam "Aalborg"]
[BlackTeam "Norresundby"]
[WhiteTeamCountry "DEN"]
[BlackTeamCountry "DEN"]

1. f4 g6 2. Nf3 Bg7 3. g3 d6 4. Bg2 e5 5. fxe5 dxe5 6. c3 Nc6 7. d3 Nf6 8. O-O
O-O 9. Nbd2 h6 10. Nc4 Nd5 11. e4 Nb6 12. Ne3 Be6 13. b4 a6 14. a4 f5 15. Nh4
f4 16. Nxg6 Rf6 17. gxf4 Rxg6 18. f5 Rxg2+ 19. Kxg2 Bf7 20. f6 Bxf6 21. Qf3
Qxd3 22. Qxf6 Qxe4+ 23. Kh3 Qg6 24. Ng4 Qxf6 25. Rxf6 Bh5 26. Bxh6 Nd5 27. Rf3
Bxg4+ 28. Kxg4 e4 29. Rf5 Nxc3 30. Bd2 Ne2 31. Re1 1-0

[Event "Skakligaen 2005/06"]
[Site "Denmark"]
[Date "2005.11.20"]
[Round "3.5"]
[White "Nielsen, Tommy"]
[Black "Hellegaard, Carsten"]
[Result "1-0"]
[WhiteElo "2154"]
[BlackElo "2250"]
[PlyCount "61"]
[EventDate "2005.11.05"]
[EventType "team"]
[EventRounds "9"]
[EventCountry "DEN"]
[WhiteTeam "Norresundby"]
[BlackTeam "Aalborg"]
[WhiteTeamCountry "DEN"]
[BlackTeamCountry "DEN"]

1. e4 c5 2. Nf3 e6 3. d4 cxd4 4. Nxd4 Nf6 5. Nc3 Nc6 6. Nxc6 bxc6 7. e5 Nd5 8.
Ne4 Qc7 9. f4 Qb6 10. c4 Bb4+ 11. Ke2 Ba6 12. Kf3 f5 13. exf6 Nxf6 14. c5 Qa5
15. Nxf6+ gxf6 16. Bxa6 Qxa6 17. Qd4 Qb5 18. Be3 Rf8 19. a4 Qa5 20. Rhd1 Rf7
21. Qc4 Rb8 22. Kf2 Qc7 23. Rab1 a5 24. Kg1 Ke7 25. f5 Qe5 26. Rd3 Qxf5 27.
Rbd1 Rd8 28. Bf2 Rg7 29. Qd4 Qg5 30. Qd6+ Ke8 31. Rg3 1-0

[Event "Skakligaen 2005/06"]
[Site "Denmark"]
[Date "2005.11.20"]
[Round "3.6"]
[White "Nielsen, Steffen Slumstrup"]
[Black "Willumsen, Henrik"]
[Result "1/2-1/2"]
[WhiteElo "2222"]
[BlackElo "2163"]
[PlyCount "87"]
[EventDate "2005.11.05"]
[EventType "team"]
[EventRounds "9"]
[EventCountry "DEN"]
[WhiteTeam "Aalborg"]
[BlackTeam "Norresundby"]
[WhiteTeamCountry "DEN"]
[BlackTeamCountry "DEN"]

1. e4 c5 2. Nf3 d6 3. d4 cxd4 4. Nxd4 Nf6 5. Nc3 g6 6. Be2 Bg7 7. h4 Nc6 8. Nb3
a5 9. a4 Be6 10. h5 gxh5 11. Bxh5 Qb6 12. O-O Bxb3 13. cxb3 Qd4 14. Qxd4 Nxd4
15. Bd1 Nd7 16. Nd5 Rc8 17. Be3 e6 18. Nc3 Ke7 19. Bxd4 Bxd4 20. Nb5 Be5 21.
Rb1 Nc5 22. Re1 Nd3 23. Re3 Nxb2 24. Bh5 Rc2 25. g3 Rhc8 26. f4 Bg7 27. e5 dxe5
28. fxe5 Rc1+ 29. Rxc1 Rxc1+ 30. Kg2 Rc5 31. Rf3 f5 32. exf6+ Bxf6 33. g4 Rc2+
34. Kh3 Nd1 35. g5 Nf2+ 36. Kh4 Be5 37. Rf7+ Kd8 38. Rxh7 Nd3 39. g6 Rg2 40.
Rf7 Nf4 41. Rf8+ Ke7 42. Rf7+ Kd8 43. Rf8+ Ke7 44. Rf7+ 1/2-1/2

[Event "Skakligaen 2005/06"]
[Site "Denmark"]
[Date "2005.11.20"]
[Round "3.7"]
[White "Nielsen, John Bauneborg"]
[Black "Hjorth, Torben"]
[Result "1-0"]
[WhiteElo "2163"]
[BlackElo "2201"]
[PlyCount "67"]
[EventDate "2005.11.05"]
[EventType "team"]
[EventRounds "9"]
[EventCountry "DEN"]
[WhiteTeam "Norresundby"]
[BlackTeam "Aalborg"]
[WhiteTeamCountry "DEN"]
[BlackTeamCountry "DEN"]

1. d4 Nf6 2. c4 e6 3. Nc3 Bb4 4. a3 Bxc3+ 5. bxc3 O-O 6. f3 d5 7. e3 Re8 8.
cxd5 exd5 9. Bd3 b6 10. Ne2 Ba6 11. Bxa6 Nxa6 12. Qd3 Qc8 13. O-O c5 14. Ng3
Qb7 15. Rb1 Re6 16. a4 Rae8 17. Rf2 Qc8 18. Rfb2 Nb8 19. a5 Nbd7 20. Ra2 h5 21.
axb6 axb6 22. Ra7 c4 23. Qc2 h4 24. Ne2 Nf8 25. Nf4 Rc6 26. Rba1 g5 27. Nh3 g4
28. Ng5 N8d7 29. Qf5 Rc7 30. e4 gxf3 31. e5 f2+ 32. Qxf2 Qb8 33. R7a2 Rc6 34.
Qf5 1-0

[Event "Skakligaen 2005/06"]
[Site "Denmark"]
[Date "2005.11.20"]
[Round "3.8"]
[White "Nielsen, Jorgen G"]
[Black "Christiansen, Jens Jorgen"]
[Result "1/2-1/2"]
[WhiteElo "2149"]
[BlackElo "2084"]
[PlyCount "35"]
[EventDate "2005.11.05"]
[EventType "team"]
[EventRounds "9"]
[EventCountry "DEN"]
[WhiteTeam "Aalborg"]
[BlackTeam "Norresundby"]
[WhiteTeamCountry "DEN"]
[BlackTeamCountry "DEN"]

1. e4 e5 2. Nf3 Nf6 3. d3 d6 4. Be2 Be7 5. O-O O-O 6. c3 c6 7. Nbd2 Qc7 8. Re1
Nbd7 9. Nf1 d5 10. Ng3 Re8 11. Bf1 dxe4 12. dxe4 Nf8 13. Bc4 Be6 14. Qb3 b5 15.
Bxe6 Nxe6 16. Ng5 Nxg5 17. Bxg5 g6 18. a4 1/2-1/2